000 00885cam a22002893a 4500
001 24962
003 PGUSA
005 20140828083533.0
008 080330s2008||||xxu|||||s|||||000 1 eng d
040 _aPGUSA
_beng
042 _adc
050 4 _aPQ
100 1 _aLe Faure, Georges,
_d1856-1953
245 1 0 _aAventures extraordinaires d'un savant russe :
_bII. Le Soleil et les petites planètes
_h[electronic resource] /
_cGeorges Le Faure
260 _bProject Gutenberg,
_c2008
506 _aPublic domain in the USA.
516 _aElectronic text
653 _aScience fiction
653 _aFantasy fiction
653 _aInterplanetary voyages -- Fiction
700 1 _aCayron, J.
700 1 _aVallet, L.
_q(Louis),
_d1856-1940
700 1 _aHenriot,
_d1857-1933
830 0 _aProject Gutenberg
_v24962
856 4 0 _uhttp://www.gutenberg.org/ebooks/24962
942 _cEB
999 _c254217
_d254217